000 00196 a2200097 4500
001 3258
100 _aLampe, D
245 _aPyke the unknown genius
260 _a
_bEvans
_c
090 _c2538
_d2538
942 _aNUST-CAE
_cM
_c17091
999 _c238331
_d238331